Damp diffusion and buildings: prevention of damp diffusion damage in building design. Translated by A.B.Phillips and F.H.Turner (Record no. 87162)
[ view plain ]
| 000 -LEADER | |
|---|---|
| fixed length control field | 00518cam a2200181 4500 |
| 001 - CONTROL NUMBER | |
| control field | D8628 |
| 008 - FIXED-LENGTH DATA ELEMENTS--GENERAL INFORMATION | |
| fixed length control field | 090401t1970 xxu||||| |||| 00| 0 eng d |
| 035 ## - SYSTEM CONTROL NUMBER | |
| System control number | (Sirsi) u14243 |
| 041 ## - LANGUAGE CODE | |
| Language code of text/sound track or separate title | eng |
| 050 ## - LIBRARY OF CONGRESS CALL NUMBER | |
| Classification number | 693.893 |
| 100 ## - MAIN ENTRY--PERSONAL NAME | |
| Personal name | Seiffert, Karl |
| 245 ## - TITLE STATEMENT | |
| Title | Damp diffusion and buildings: prevention of damp diffusion damage in building design. Translated by A.B.Phillips and F.H.Turner |
| 260 ## - PUBLICATION, DISTRIBUTION, ETC. | |
| Place of publication, distribution, etc. | Barking, Essex |
| Name of publisher, distributor, etc. | Elsevier |
| Date of publication, distribution, etc. | 1970 |
| 300 ## - PHYSICAL DESCRIPTION | |
| Extent | x. 209p. 26cm |
| 350 ## - PRICE (NR) (BK AM CF MU VM SE) [OBSOLETE] | |
| Price | 5.1 |
| 942 ## - ADDED ENTRY ELEMENTS (KOHA) | |
| Suppress in OPAC | 0 |
| 948 ## - LOCAL PROCESSING INFORMATION (OCLC); SERIES PART DESIGNATOR (RLIN) | |
| c (OCLC) | 04/03/1997 |
| Withdrawn status | Lost status | Source of classification or shelving scheme | Damaged status | Not for loan | Home library | Current library | Shelving location | Date acquired | Cost, normal purchase price | Total Checkouts | Full call number | Barcode | Date last seen | Date last checked out | Copy number | Cost, replacement price | Price effective from | Koha item type |
|---|---|---|---|---|---|---|---|---|---|---|---|---|---|---|---|---|---|---|
| Dewey Decimal Classification | London | London | Books | 14/09/1999 | 5.10 | 2 | 693.893 | 30023778 | 06/08/2019 | 23/06/2006 | 1 | 5.10 | 06/08/2019 | Book |